000
00271nam a2200109Ia 4500
008
230320s9999||||xx |||||||||||||| ||spa||
082
_a
410/F91
100
_a
Fuentes, Juan Luis
245
0
_a
Comunicacion : Estudio Del Lenguaje
260
_b
M. FERNANDEZ
942
_8
0
_c
LIB
999
_c
31620
_d
31620